|
|
|
|
| LEADER |
01218nam a2200241 a 4500 |
| 001 |
0021378 |
| 003 |
BD-DhAAL |
| 008 |
101024s2010 bg a s f000 0 eng d |
| 010 |
|
|
|a 98915404
|
| 040 |
|
|
|a DLC
|c DLC
|d BD-DhAAL
|
| 082 |
0 |
0 |
|a 330.9549205
|2 23
|
| 245 |
0 |
0 |
|a Flow of external resources into Bangladesh :
|b as of June 30, 2009.
|
| 260 |
|
|
|a Dhaka :
|b Economics Relations Division, Ministry of Finance, Govt. of the People's Republic of Bangladesh,
|c 2010.
|
| 300 |
|
|
|a xxvii,261 p. :
|b col. ill. ;
|c 29 cm
|
| 500 |
|
|
|a Chiefly statistical tables.
|
| 541 |
1 |
|
|e 0021378
|
| 651 |
|
0 |
|a Bangladesh
|x Economic conditions
|v Statistics.
|
| 710 |
1 |
|
|a Bangladesh.
|b Economics Relations Division.
|9 58984
|
| 852 |
4 |
|
|a Ayesha Abed Library
|c General Stacks
|
| 942 |
|
|
|2 ddc
|c BK
|
| 999 |
|
|
|c 9875
|d 9875
|
| 952 |
|
|
|0 0
|1 0
|2 ddc
|4 0
|6 330_954920500000000_FLO_2010
|7 0
|9 12697
|a BRACUL
|b BRACUL
|c GEN
|d 2010-10-24
|l 0
|o 330.9549205 FLO
|p 3010021378
|r 2010-10-24
|t 1
|w 2010-10-24
|y BK
|
| 952 |
|
|
|0 0
|1 0
|2 ddc
|4 0
|6 330_954920500000000_FLO
|7 0
|9 18086
|a BRACUL
|b BRACUL
|c GEN
|d 2011-09-19
|e Development Book Agency
|g 400.00
|l 0
|o 330.9549205 FLO
|p 3010023355
|r 2011-09-19
|t 2
|v 800.00
|w 2011-09-19
|y BK
|x Koha Inventory 2020 ; Previously missing book recovered on 10 August 2025
|